000 01176nam a22002415i 4500
001 54620
003 ES-MaACL
005 20240530062936.0
007 t|
008 960425s1880 sp ||||1| spa d
100 1 _aFuente, Vicente de la,
_d1817-1889
_952857
245 1 4 _aLas comunidades de Castilla y Aragón bajo el punto de vista geográfico :
_bdiscurso pronunciado por Vicente de la Fuente en la sesión celebrada el día 8 de enero de 1880, en la Sociedad Geográfica de Madrid, y publicado en el número 3º del tomo VIII del Boletín de la misma.
260 _aMadrid :
_b[s.l.],
_c1880 (
_fImp. de Fortanet)
300 _a28 p. ;
_c22 cm.
530 _aDisponible en formato digital.
651 4 _aCastilla y León-
_xDivisiones territoriales.
_9171795
651 4 _aAragón-
_xDivisiones territoriales.
_9171796
710 2 _aSociedad Geográfica de Madrid.
_96775
852 _aES-MaACL
_jT-1276-F-2
856 _uhttp://bdh-rd.bne.es/viewer.vm?id=0000244451&page=1
_zBiblioteca Digital Hispánica
856 _uhttp://bibliotecadigital.jcyl.es/es/consulta/registro.do?id=51
_zBiblioteca Digital de Castilla y León
999 _c54620
_d54620